000 00786nam0a22002411 4500
001 rc\2944147
005 20110826125502.8
035 _a(NLR Aleph) 007092580
090 _a6589332
_c6589332
100 _a20110826d1937 |||y0rusy50 ca
101 0 _arus
102 _aRU
105 _ay z |||||
200 1 _aСтихи
_fСергей Островой
210 _aМосква
_cизд-во, тип. и цинкография Журн.-газ. объединения
_d1937
215 _aОбл., 40 с.
_d15х11 см
225 1 _aБиблиотека "Огонек"
_v№ 5 (992)
700 1 _aОстровой
_bС. Г.
_f1911-
_gСергей Григорьевич
801 0 _aRU
_bNLR
_gpsbo
801 1 _aRU
_bELAR
_2rusmarc
852 _aNLR
_j37-8/301
942 _cBOOK
980 _aNB